Biosíntesis de proteínas: traducción genética

Saved in:
Bibliografiske detaljer
Hovedforfatter: Chapeville, Francois
Andre forfattere: Haenni, Anne-Lise
Format: Bog
Sprog:spansk
Udgivet: Barcelona Omega 1976
Serier:Métodos
Fag:
Tags: Tilføj Tag
Ingen Tags, Vær først til at tagge denne postø!

MARC

LEADER 00000nam a2200000 a 4500
001 UCT5188
003 CL-VaPUC
005 20230603074423.0
008 961205e19760000SP |||||||||||||||||spa|d
999 |c 254187  |d 254185 
040 |c Pontificia Universidad Católica de Valparaíso 
082 0 4 |a 572.6 CHA 1976  |2 21 
100 0 |a Chapeville, Francois  |9 374510 
245 1 0 |a Biosíntesis de proteínas: traducción genética 
260 |a Barcelona  |b Omega  |c 1976 
300 |a 347 páginas 
490 0 |a Métodos 
583 |a last modification  |c 19961205 00:00:00  |k Rodrigo Vera 
650 7 |a PROTEINAS  |2 CL-VaPUC  |9 374512 
650 0 |a Bioquímica   |9 259492 
650 7 |a BIOSINTESIS  |2 CL-VaPUC  |9 269567 
650 7 |a FENOMENOS BIOQUIMICOS  |2 CL-VaPUC  |9 360969 
650 0 |a Ácido desoxirribonucleico (ADN)  |9 361158 
650 7 |a GENETICA BIOQUIMICA  |2 CL-VaPUC  |9 361159 
700 0 |a Haenni, Anne-Lise  |9 374511 
942 |c BK  |2 ddc 
945 |d 19961205 00:00:00  |a paguirre 
952 |0 0  |1 0  |2 ddc  |4 0  |6 572_600000000000000_CHA_1976  |7 0  |8 A  |9 275660  |a BIBCUR  |b BIBCUR  |d 2019-11-19  |i 1794035  |o 572.6 CHA 1976  |p 1794035  |r 2025-04-22  |t 1  |w 2019-11-19  |y BK  |k BIO 
952 |0 0  |1 0  |2 ddc  |4 0  |6 572_600000000000000_CHA_1976  |7 0  |8 A  |9 275661  |a BIBCUR  |b BIBCUR  |d 2019-11-19  |i 1794043  |o 572.6 CHA 1976  |p 1794043  |r 2025-04-22  |t 2  |w 2019-11-19  |y BK  |k BIO